00586nam a22001817a 4500003000200000005001700002008004100019020002200060050002400082100002600106245010500132260004300237300002900280504004200309650002200351942001200373999001900385020231106152109.0231106b xxu||||| |||| 00| 0 eng d a978-621-406-098-6 aHF 5415b.Si57 2021 aSiquete, Cherille V.  aBusiness ethics and social responsibility : a textbook for senior high schoolc Cherille V. Siquete aManilabMindshapers Co., Inc. cc2021. ax, 164 pages ; c23 cm.  aIncludes bibliographical references.  aBusiness ethics.  2lcccBK c365578d365578